| 000 | 00360nam a22001577a 4500 | ||
|---|---|---|---|
| 003 | OSt | ||
| 005 | 20240416113029.0 | ||
| 008 | 240416b |||||||| |||| 00| 0 eng d | ||
| 040 | _cMRSPTU | ||
| 100 | _aSingh, Baljitpal | ||
| 245 | _aSuraj De Pichhwarhe | ||
| 250 | _a1st | ||
| 260 |
_aPunjab _bUdaan Publications _c2004 |
||
| 300 | _a72 | ||
| 942 |
_2ddc _cBK _n0 |
||
| 999 |
_c10047 _d10047 |
||